La cuestión de límites entre Chile i Bolivia
Uloženo v:
| Hlavní autor: | |
|---|---|
| Médium: | Kniha |
| Jazyk: | španělština |
| Vydáno: |
Santiago
Imprenta Nacional, calle de la Moneda N§ 46
1863
|
| Vydání: | 1a. ed |
| Témata: | |
| Tagy: |
Přidat tag
Žádné tagy, Buďte první, kdo vytvoří štítek k tomuto záznamu!
|
MARC
| LEADER | 00000nam a2200000 a 4500 | ||
|---|---|---|---|
| 001 | UCJ3051 | ||
| 003 | CL-VaPUC | ||
| 008 | 070124e18630800CL |||||||||||||||||spa|d | ||
| 082 | 0 | 4 | |a 983 |b AMU |2 21 |
| 100 | 0 | |a Amunátegui, Miguel Luis |e author |9 504208 | |
| 245 | 1 | 3 | |a La cuestión de límites entre Chile i Bolivia |
| 250 | |a 1a. ed | ||
| 300 | |a 234 p | ||
| 942 | |c BK | ||
| 945 | |d 20070124 00:00:00 |a rinostro | ||
| 260 | |a Santiago |b Imprenta Nacional, calle de la Moneda N§ 46 |c 1863 | ||
| 500 | |a Advierte errata. La copia 1 se encuentra separada y contiene un Ex libris de Dn. Alfredo Edwards B.; la copia 2 se encuentra empastada junto a otras cinco monografías relativas al tema límites con Bolivia, en un volumen rotulado Límites entre Chile i Bolivia; ubicación, 983 AMU | ||
| 650 | 0 | |a Historia de Chile |9 265473 | |
| 650 | 7 | |a LIMITES CON BOLIVIA |2 CL-VaPUC |9 504189 | |
| 650 | 0 | |a Diplomacia Chilena |9 447165 | |
| 650 | 0 | |a Salitre |9 313872 | |
| 650 | 7 | |a COVADERAS |2 CL-VaPUC |9 504209 | |
| 650 | 7 | |a GUANO |2 CL-VaPUC |9 362274 | |
| 650 | 7 | |a CONTROVERSIAS LIMITROFES |2 CL-VaPUC |9 504210 | |
| 650 | 7 | |a DOCUMENTOS |2 CL-VaPUC |9 366450 | |
| 650 | 0 | |a Historiografía |9 257871 | |
| 651 | 0 | |a Desierto de Atacama |9 443691 | |
| 651 | 7 | |a CHILE |2 CL-VaPUC |9 504211 | |
| 651 | 0 | |a Bolivia |9 255454 | |
| 651 | 7 | |a MEJILLONES |2 CL-VaPUC |9 324317 | |
| 651 | 7 | |a COBIJA |2 CL-VaPUC |9 504212 | |
| 651 | 7 | |a LAMAR |2 CL-VaPUC |9 504213 | |
| 651 | 0 | |a Paposo |9 504214 | |
| 651 | 7 | |a ANTOFAGASTA |2 CL-VaPUC |9 319270 | |
| 583 | |a last modification |c 20070124 00:00:00 |k Rodrigo Vera | ||
| 999 | |c 319174 |d 319172 | ||
| 952 | |0 0 |1 0 |4 0 |6 983_000000000000000_AMU_1863 |7 0 |8 X |9 397422 |a FDOBUD |b FDOBUD |d 2019-11-22 |i 1004549 |o 983 AMU 1863 |p 1004549 |r 2019-11-22 |w 2019-11-22 |y BK_X |k BUD | ||
| 952 | |0 0 |1 0 |4 0 |6 983_000000000000000_AMU_1863 |7 0 |8 X |9 397423 |a FDOBUD |b FDOBUD |d 2019-11-22 |i 1010360 |o 983 AMU 1863 |p 1010360 |r 2019-11-22 |w 2019-11-22 |y BK_X |k BUD | ||